| 000 | 00553nam a2200157Ia 4500 | ||
|---|---|---|---|
| 008 | 220217s9999 xx 000 0 und d | ||
| 245 | 0 | _aConveyor and elevator textile belting-specification. Part 5. Fire resistant belting for surface application | |
| 260 | _aNew Delhi | ||
| 260 |
_c1993 _bBureau of Indian Standards |
||
| 490 | _aPulleys and Belts Sectional Committee, LM 09 | ||
| 500 | _aStandard number: IS 1891 Part V | ||
| 650 | _aFire resistant belt | ||
| 650 | _aRubber conveyor belt | ||
| 650 | _aRubber elevator textile belt | ||
| 942 | _cST | ||
| 999 |
_c73607 _d73607 |
||